[Event "Unisource II"]
[Site "Montreal CAN"]
[Date "2008.04.13"]
[Round "4"]
[White "Morin, Louis"]
[Black "Lalonde, Paul"]
[Result "1-0"]
[WhiteElo "1884"]
[BlackElo "1775"]
[PlyCount "77"]
[GameId "2160767910351198"]
[EventDate "2008.04.11"]
[EventType "tourn"]
[EventRounds "5"]
[EventCountry "CAN"]

1. e4 c5 2. d4 cxd4 3. c3 d3 4. c4 Nc6 5. Bxd3 Nf6 6. Nc3 e6 7. Nf3 Bb4 8. Qc2 Qc7 9. O-O a6 10. Nd5 Nxd5 11. cxd5 Bd6 12. dxc6 dxc6 13. e5 Bxe5 14. Nxe5 Qxe5 15. Bd2 Bd7 16. Bc3 Qg5 17. f4 Qh6 18. Bb4 Qf6 19. Qc5 Qd8 20. Rad1 b6 21. Qd6 c5 22. Bc3 f6 23. Rfe1 Qe7 24. Qxb6 O-O 25. Bc4 Kh8 26. Bxe6 Bxe6 27. Rxe6 Qf7 28. Rde1 Qh5 29. Qb7 Qg6 30. Rxa6 Rad8 31. Qe4 Qh5 32. Re6 h6 33. f5 Ra8 34. a3 Kh7 35. Re7 Rad8 36. h3 Kh8 37. Kh2 Rd1 38. g4 Rxe1 39. Qxe1 1-0

[Event "Unisource II"]
[Site "Montreal CAN"]
[Date "2008.04.13"]
[Round "5"]
[White "Falardeau, Bruno"]
[Black "Giroux, Robert"]
[Result "1/2-1/2"]
[WhiteElo "2017"]
[BlackElo "1931"]
[PlyCount "109"]
[GameId "2160767910351199"]
[EventDate "2008.04.11"]
[EventType "tourn"]
[EventRounds "5"]
[EventCountry "CAN"]
[SourceTitle "EXT 2011"]
[Source "ChessBase"]
[SourceDate "2011.11.26"]
[SourceVersion "1"]
[SourceVersionDate "2011.11.26"]
[SourceQuality "1"]

1. e4 c5 2. Nc3 a6 3. a4 Nc6 4. Nf3 g6 5. d4 cxd4 6. Nxd4 Bg7 7. Be3 Nf6 8. Bc4 Qa5 9. O-O d6 10. f3 O-O 11. Nce2 Bd7 12. c3 Ne5 13. Ba2 Rfc8 14. b4 Qc7 15. b5 axb5 16. axb5 Nc4 17. Bf2 e5 18. b6 Nxb6 19. Nc2 Ba4 20. Qb1 Nfd7 21. Na3 Nc5 22. c4 Bh6 23. Nc3 Ra5 24. Qb4 Nbd7 25. Nd5 Qd8 26. Ne7+ Qxe7 27. Qxa5 Bc6 28. Nb5 Nd3 29. Rfd1 Nxf2 30. Kxf2 Qh4+ 31. Ke2 Qxh2 32. Rg1 Qf4 33. Rad1 Qe3+ 34. Kf1 Bxb5 35. Qxb5 Nc5 36. Qb2 Nd3 37. Qe2 Qxe2+ 38. Kxe2 Nf4+ 39. Kf2 Rc6 40. Rh1 Bf8 41. Rd2 Ne6 42. Rb1 Nc5 43. Bb3 Rb6 44. Bc2 Ra6 45. Bd1 Ra3 46. Be2 f5 47. exf5 e4 48. fxe4 Nxe4+ 49. Ke1 Nxd2 50. Kxd2 Bh6+ 51. Ke1 gxf5 52. Rxb7 Be3 53. Bf3 Bc5 54. Bd5+ Kh8 55. Rf7 1/2-1/2

[Event "Unisource II"]
[Site "Montreal CAN"]
[Date "2008.04.13"]
[Round "5"]
[White "Gauthier, Denis"]
[Black "Houska, Jiri"]
[Result "0-1"]
[WhiteElo "1952"]
[BlackElo "2228"]
[PlyCount "32"]
[GameId "2160767910351200"]
[EventDate "2008.04.11"]
[EventType "tourn"]
[EventRounds "5"]
[EventCountry "CAN"]
[SourceTitle "EXT 2011"]
[Source "ChessBase"]
[SourceDate "2011.11.26"]
[SourceVersion "1"]
[SourceVersionDate "2011.11.26"]
[SourceQuality "1"]

1. d4 Nf6 2. c4 g6 3. Nc3 d5 4. Bf4 Bg7 5. Nf3 O-O 6. e3 c5 7. dxc5 Qa5 8. Rc1 dxc4 9. Bxc4 Qxc5 10. Nb5 Qb4+ 11. Nd2 Ne4 12. Bd5 Nxd2 13. Nc7 Nb3+ 14. Kf1 Nxc1 15. Nxa8 Qb5+ 16. Kg1 Ne2+ 0-1

[Event "Unisource II"]
[Site "Montreal CAN"]
[Date "2008.04.13"]
[Round "5"]
[White "Gauthier, Luc"]
[Black "Morin, Louis"]
[Result "0-1"]
[WhiteElo "1756"]
[BlackElo "1884"]
[PlyCount "62"]
[GameId "2160767910351201"]
[EventDate "2008.04.11"]
[EventType "tourn"]
[EventRounds "5"]
[EventCountry "CAN"]

1. e4 e5 2. f4 exf4 3. Nf3 h6 4. d4 g5 5. Bc4 d6 6. O-O Bg7 7. g3 g4 8. Ne1 f3 9. Be3 Be6 10. Bxe6 fxe6 11. c3 Qe7 12. Qb3 c6 13. Nd3 e5 14. dxe5 Bxe5 15. Nd2 b6 16. Nc4 Nd7 17. Nf4 Bxf4 18. Bxf4 Ne5 19. Rad1 O-O-O 20. Bxe5 dxe5 21. Rxd8+ Kxd8 22. Rd1+ Kc7 23. Nd6 Nf6 24. Qa4 a5 25. b4 Rd8 26. bxa5 Rxd6 27. axb6+ Kd7 28. Rxd6+ Qxd6 29. b7 Kc7 30. Qb3 Qc5+ 31. Kf1 Qb5+ 0-1

[Event "Unisource II"]
[Site "Montreal CAN"]
[Date "2008.04.13"]
[Round "5"]
[White "Le Duin, Thierry"]
[Black "Levkovsky, Alexandre"]
[Result "1/2-1/2"]
[WhiteElo "1994"]
[BlackElo "2154"]
[PlyCount "137"]
[GameId "2160767910351202"]
[EventDate "2008.04.11"]
[EventType "tourn"]
[EventRounds "5"]
[EventCountry "CAN"]
[SourceTitle "EXT 2011"]
[Source "ChessBase"]
[SourceDate "2011.11.26"]
[SourceVersion "1"]
[SourceVersionDate "2011.11.26"]
[SourceQuality "1"]

1. d4 d5 2. Nf3 c6 3. c3 Nf6 4. Bg5 h6 5. Bxf6 exf6 6. g3 Bf5 7. Bg2 Bd6 8. O-O O-O 9. Qb3 Qb6 10. Nbd2 Re8 11. Rfe1 Nd7 12. a4 Qxb3 13. Nxb3 a5 14. Nbd2 Nb6 15. e3 g5 16. Rec1 Bd3 17. Bf1 Bxf1 18. Kxf1 Nc4 19. b3 Nxd2+ 20. Nxd2 b5 21. axb5 cxb5 22. c4 Bb4 23. Ra2 dxc4 24. bxc4 Bxd2 25. Rxd2 b4 26. Rb2 Reb8 27. Rcb1 Ra7 28. Rb3 Kf8 29. Ke2 Rab7 30. Ra1 Ra7 31. Ra4 Ke7 32. Kd3 f5 33. f3 f6 34. h3 Raa8 35. e4 fxe4+ 36. fxe4 h5 37. c5 Kd7 38. d5 Re8 39. Kd4 Kc7 40. Rf3 Ra6 41. d6+ Kc6 42. Rxf6 Kb5 43. Ra1 Rc6 44. d7 Rd8 45. Rxc6 Kxc6 46. Rxa5 Rxd7+ 47. Kc4 Rd1 48. Ra6+ Kc7 49. Rb6 Rg1 50. h4 Rxg3 51. hxg5 Rxg5 52. Rxb4 h4 53. Rb3 Rg3 54. Rb6 h3 55. Rh6 Re3 56. Kd4 Ra3 57. e5 Kd7 58. e6+ Ke7 59. Kd5 Rd3+ 60. Kc6 h2 61. Rxh2 Kxe6 62. Re2+ Kf7 63. Kc7 Rb3 64. c6 Rb1 65. Kc8 Rb3 66. c7 Rb1 67. Re5 Kf6 68. Re4 Kf7 69. Re5 1/2-1/2

[Event "Unisource III"]
[Site "Montreal CAN"]
[Date "2008.11.07"]
[Round "1"]
[White "Giroux, Robert"]
[Black "Caceres Cortes, Julio"]
[Result "0-1"]
[WhiteElo "1963"]
[BlackElo "1908"]
[PlyCount "68"]
[GameId "2160767910294423"]
[EventDate "2008.11.07"]
[EventType "tourn"]
[EventRounds "5"]
[EventCountry "CAN"]
[SourceTitle "FQE 05"]

1. e4 e5 2. Nf3 Nc6 3. d4 exd4 4. Nxd4 Nf6 5. Nxc6 bxc6 6. e5 Qe7 7. Qe2 Nd5 8. c4 Ba6 9. b3 Qh4 10. Bb2 Bb4+ 11. Nd2 O-O 12. g3 Bxd2+ 13. Kxd2 Qe7 14. Bg2 Rab8 15. Rhe1 Qb4+ 16. Kc2 Qc5 17. Bxd5 cxd5 18. Qe3 Qc6 19. c5 Rfe8 20. Qc3 Qg6+ 21. Kd2 Qh6+ 22. Qe3 Qxh2 23. Rh1 Qg2 24. Rh4 Re6 25. Rah1 h6 26. R1h2 Qf1 27. Rh1 Qb5 28. f4 Qa5+ 29. Kc1 Qxa2 30. f5 Rxb3 31. Qd4 Bd3 32. fxe6 Qb1+ 33. Kd2 Qc2+ 34. Ke3 Qe2+ 0-1

[Event "Unisource III"]
[Site "Montreal CAN"]
[Date "2008.11.07"]
[Round "1"]
[White "Masse, Hugues"]
[Black "Peev, Pavel"]
[Result "1-0"]
[WhiteElo "2307"]
[BlackElo "2082"]
[PlyCount "111"]
[GameId "2160767910294425"]
[EventDate "2008.11.07"]
[EventType "tourn"]
[EventRounds "5"]
[EventCountry "CAN"]
[SourceTitle "FQE 05"]

1. d4 Nf6 2. c4 c5 3. d5 b5 4. cxb5 a6 5. f3 g6 6. e4 Bg7 7. Na3 axb5 8. Nxb5 d6 9. Ne2 Ba6 10. Nec3 Nbd7 11. Be2 O-O 12. O-O Qb6 13. Be3 Ne8 14. Qc2 Nc7 15. a4 Rfb8 16. Rab1 Bd4 17. Nxd4 cxd4 18. Bf2 Qb3 19. Qxb3 Rxb3 20. Bxd4 Bxe2 21. Nxe2 Rxa4 22. Bc3 Rc4 23. Nd4 Rb7 24. Nc6 Rb5 25. Nxe7+ Kf8 26. Nc8 Nxd5 27. Nxd6 Nxc3 28. Nxc4 Nxb1 29. Rxb1 Rb4 30. Ne3 Nc5 31. Kf1 Nd3 32. Nd1 f5 33. exf5 gxf5 34. g3 Kf7 35. Ke2 Rb3 36. Ne3 f4 37. Nc4 fxg3 38. hxg3 Nc5 39. Rc1 Ne6 40. Rc3 Rb4 41. Ke3 Kf6 42. b3 Nc5 43. Nd2 Ne6 44. Rc4 Rb8 45. b4 Ke5 46. Rh4 Rb7 47. Rh5+ Kf6 48. Rh4 Rg7 49. Rc4 Rb7 50. Ne4+ Ke5 51. Nc3 Nc7 52. Rh4 Ne6 53. Rh5+ Kd6 54. Rd5+ Ke7 55. b5 h5 56. Rxh5 1-0

[Event "Unisource III"]
[Site "Montreal CAN"]
[Date "2008.11.07"]
[Round "1"]
[White "Myre, Eric"]
[Black "Morin, Louis"]
[Result "1-0"]
[WhiteElo "1940"]
[BlackElo "1925"]
[PlyCount "51"]
[GameId "2160767910294426"]
[EventDate "2008.11.07"]
[EventType "tourn"]
[EventRounds "5"]
[EventCountry "CAN"]
[SourceTitle "FQE 05"]

1. d4 e5 2. dxe5 Nc6 3. Nf3 Qe7 4. Nc3 Nxe5 5. e4 c6 6. Bf4 Ng6 7. Bg5 Nf6 8. Qd4 d6 9. Bc4 Be6 10. O-O Ne5 11. Bb3 Nxf3+ 12. gxf3 h6 13. Bh4 b5 14. Nd5 cxd5 15. exd5 g5 16. Bg3 Bg7 17. Rfe1 Nh5 18. Qb4 O-O 19. dxe6 Qb7 20. exf7+ Kh8 21. Bxd6 a5 22. Qg4 Nf6 23. Qf5 Rfd8 24. Be7 Nh7 25. Bxd8 Rxd8 26. Re8+ 1-0

[Event "Unisource III"]
[Site "Montreal CAN"]
[Date "2008.11.07"]
[Round "1"]
[White "Ouimet, Bernard"]
[Black "Lalonde, Paul"]
[Result "0-1"]
[WhiteElo "1934"]
[BlackElo "1929"]
[PlyCount "93"]
[GameId "2160767910294427"]
[EventDate "2008.11.07"]
[EventType "tourn"]
[EventRounds "5"]
[EventCountry "CAN"]
[SourceTitle "FQE 05"]

1. e4 e5 2. Nf3 Nc6 3. Nc3 Bb4 4. g3 Nf6 5. Bg2 O-O 6. O-O d6 7. d3 Be6 8. Ng5 Bg4 9. Bf3 Bxf3 10. Nxf3 d5 11. Bg5 Bxc3 12. bxc3 dxe4 13. Bxf6 Qxf6 14. dxe4 Rad8 15. Qe2 Rd6 16. Rad1 Rfd8 17. Rd3 Qe6 18. Rfd1 Qxa2 19. Rxd6 Rxd6 20. Rxd6 cxd6 21. Qb5 Qa6 22. Qd5 Ne7 23. Qd1 f6 24. Qc1 Qc6 25. Qb2 d5 26. Qa3 Kf7 27. Qb3 Ke8 28. exd5 Qxd5 29. c4 Qc6 30. Ne1 Nf5 31. c5 Kf8 32. Nd3 Nd4 33. Qa2 a6 34. Qb2 Qb5 35. Qxb5 Nxb5 36. c6 bxc6 37. Nb4 a5 38. Nxc6 a4 39. Na5 a3 40. Nb3 Ke7 41. Kf1 Kd6 42. Ke1 Kd5 43. Kd2 Nd4 44. Kc3 Ne2+ 45. Kd2 Ng1 46. Kd3 e4+ 47. Ke3 0-1

[Event "Unisource III"]
[Site "Montreal CAN"]
[Date "2008.11.08"]
[Round "2"]
[White "Caceres Cortes, Julio"]
[Black "Lalonde, Paul"]
[Result "1-0"]
[WhiteElo "1908"]
[BlackElo "1929"]
[PlyCount "52"]
[GameId "2160767910294428"]
[EventDate "2008.11.07"]
[EventType "tourn"]
[EventRounds "5"]
[EventCountry "CAN"]
[SourceTitle "FQE 05"]

1. e4 e5 2. Nf3 Nf6 3. d4 Nxe4 4. Bd3 d5 5. Nxe5 Be7 6. O-O O-O 7. c4 c6 8. Nc3 Nf6 9. Bf4 Be6 10. c5 Nbd7 11. Qc2 Nxe5 12. Bxe5 h6 13. Rad1 Ng4 14. Bg3 f5 15. Rfe1 Bc8 16. Rxe7 Qxe7 17. Bd6 Qh4 18. h3 Re8 19. hxg4 Qxg4 20. Ne2 Bd7 21. Nf4 Kf7 22. Be2 Qh4 23. Bh5+ Kf6 24. Be5+ Kg5 25. f3 Qxh5 26. Nxh5 Kxh5 1-0

[Event "Unisource III"]
[Site "Montreal CAN"]
[Date "2008.11.08"]
[Round "2"]
[White "Giroux, Robert"]
[Black "Myre, Eric"]
[Result "1/2-1/2"]
[WhiteElo "1963"]
[BlackElo "1940"]
[PlyCount "80"]
[GameId "2160767910294429"]
[EventDate "2008.11.07"]
[EventType "tourn"]
[EventRounds "5"]
[EventCountry "CAN"]
[SourceTitle "FQE 05"]

1. e4 c5 2. Nc3 Nc6 3. Bb5 g6 4. Bxc6 dxc6 5. f4 Bg7 6. Nf3 Bg4 7. O-O Nf6 8. d3 Qd7 9. e5 Nd5 10. Ne4 b6 11. Qe2 Qf5 12. h3 Bxf3 13. Rxf3 h5 14. Bd2 h4 15. Re1 Nc7 16. Ng5 Ne6 17. Nxe6 Qxe6 18. f5 gxf5 19. Bc3 O-O-O 20. a4 Rd5 21. b3 Qg6 22. Qf2 e6 23. a5 Kb7 24. axb6 axb6 25. Bb2 Qg5 26. Bc1 Qe7 27. Bf4 Bh6 28. Bxh6 Rxh6 29. Rf4 Rd8 30. Rb1 Qc7 31. Rxh4 Rxh4 32. Qxh4 Rd5 33. Qa4 Rxe5 34. Ra1 Qb8 35. Qa6+ Kc7 36. Qc4 Rd5 37. Qf4+ Kb7 38. Qh4 Qd8 39. Qa4 Qb8 40. Qh4 Qd8 1/2-1/2

[Event "Unisource III"]
[Site "Montreal CAN"]
[Date "2008.11.08"]
[Round "2"]
[White "Morin, Louis"]
[Black "Ouimet, Bernard"]
[Result "1-0"]
[WhiteElo "1925"]
[BlackElo "1934"]
[PlyCount "99"]
[GameId "2160767910294431"]
[EventDate "2008.11.07"]
[EventType "tourn"]
[EventRounds "5"]
[EventCountry "CAN"]
[SourceTitle "FQE 05"]

1. e4 e5 2. Nf3 Nc6 3. Bc4 Nf6 4. d4 exd4 5. O-O Nxe4 6. Re1 d5 7. Bxd5 Qxd5 8. Nc3 Qa5 9. Nxe4 Be6 10. Neg5 O-O-O 11. Nxe6 fxe6 12. Rxe6 Bd6 13. Bg5 Rde8 14. Qe2 Ne5 15. Nxd4 Qb6 16. Rxe8+ Rxe8 17. Qb5 Nc6 18. Qxb6 axb6 19. Nxc6 bxc6 20. Kf1 h6 21. Bd2 Kd7 22. Bc3 g6 23. Re1 Re6 24. Rxe6 Kxe6 25. h3 b5 26. Ke2 c5 27. b3 b4 28. Bb2 Kd5 29. Kd3 h5 30. a4 bxa3 31. Bxa3 Be7 32. Bb2 Bd6 33. c4+ Ke6 34. Ke4 c6 35. g4 hxg4 36. hxg4 Be7 37. f4 Bd6 38. f5+ gxf5+ 39. gxf5+ Kf7 40. Be5 Bf8 41. Kf3 Be7 42. Kg4 Kg8 43. Kh5 Kf7 44. Kg4 Bd8 45. Bd6 Bb6 46. Kg5 Bd8+ 47. Kf4 Bb6 48. Ke5 Ba7 49. Bc7 Ke7 50. f6+ 1-0

[Event "Unisource III"]
[Site "Montreal CAN"]
[Date "2008.11.08"]
[Round "2"]
[White "Peev, Pavel"]
[Black "Audet-Bouchard, Nicolas"]
[Result "0-1"]
[WhiteElo "2082"]
[BlackElo "2095"]
[PlyCount "90"]
[GameId "2160767910294432"]
[EventDate "2008.11.07"]
[EventType "tourn"]
[EventRounds "5"]
[EventCountry "CAN"]
[SourceTitle "FQE 05"]

1. e4 c5 2. Nf3 Nc6 3. d4 cxd4 4. Nxd4 Nf6 5. Nc3 d6 6. Be2 e5 7. Nb3 Be7 8. Bg5 O-O 9. Qd2 Be6 10. O-O a5 11. a4 Nb4 12. Bxf6 Bxf6 13. Nd5 Bg5 14. Qd1 Nxd5 15. exd5 Bd7 16. Bd3 f5 17. c3 Qb6 18. Ra2 g6 19. Nc1 Bxc1 20. Qxc1 Qb3 21. Ra3 Qxd5 22. Bb1 Kg7 23. Ba2 Qc5 24. Qd2 Rf6 25. b4 Qc7 26. c4 axb4 27. Qxb4 Qc5 28. Qb2 Bc6 29. Re1 Rf7 30. Bb3 f4 31. Raa1 Ra6 32. Qc2 h6 33. Rad1 e4 34. Qc3+ Kh7 35. Bc2 f3 36. g3 Qf5 37. Kh1 Qh3 38. Rg1 Rf5 39. g4 Rf4 40. Rg3 Qh4 41. Rxd6 Qe7 42. Rd1 e3 43. Kg1 exf2+ 44. Kxf2 Qe2+ 45. Kg1 f2# 0-1

[Event "Unisource III"]
[Site "Montreal CAN"]
[Date "2008.11.08"]
[Round "3"]
[White "Audet-Bouchard, Nicolas"]
[Black "Masse, Hugues"]
[Result "1/2-1/2"]
[WhiteElo "2095"]
[BlackElo "2307"]
[PlyCount "77"]
[GameId "2160767910294433"]
[EventDate "2008.11.07"]
[EventType "tourn"]
[EventRounds "5"]
[EventCountry "CAN"]
[SourceTitle "FQE 05"]

1. e4 e6 2. d4 d5 3. Nc3 Nf6 4. Bg5 Bb4 5. e5 h6 6. Bd2 Bxc3 7. bxc3 Ne4 8. Qg4 g6 9. Bd3 Nxd2 10. Kxd2 c5 11. Nf3 Bd7 12. h4 Qe7 13. Rab1 Bc6 14. dxc5 Nd7 15. Qf4 Nxc5 16. Nd4 Rc8 17. Nxc6 bxc6 18. Rb4 Kd7 19. Rhb1 Rc7 20. Kc1 g5 21. Qg3 f6 22. exf6 Qxf6 23. Kd2 Rf8 24. f3 e5 25. hxg5 Qxg5+ 26. Qxg5 hxg5 27. Rg4 Ne6 28. Re1 Kd6 29. c4 Rf4 30. c5+ Kxc5 31. Rxf4 Nxf4 32. Rxe5 g4 33. fxg4 Nxd3 34. Kxd3 Rg7 35. g5 a5 36. c3 Rg8 37. g4 Kd6 38. Rf5 Kc5 39. Re5 1/2-1/2

[Event "Unisource III"]
[Site "Montreal CAN"]
[Date "2008.11.08"]
[Round "3"]
[White "Lalonde, Paul"]
[Black "Morin, Louis"]
[Result "1-0"]
[WhiteElo "1929"]
[BlackElo "1925"]
[PlyCount "41"]
[GameId "2160767910294435"]
[EventDate "2008.11.07"]
[EventType "tourn"]
[EventRounds "5"]
[EventCountry "CAN"]
[SourceTitle "FQE 05"]

1. e4 e5 2. Nf3 d6 3. d4 Nf6 4. Nc3 Nbd7 5. Bc4 Be7 6. O-O O-O 7. Qe2 exd4 8. Nxd4 Ne5 9. Bf4 Nxc4 10. Qxc4 Nxe4 11. Nxe4 d5 12. Qd3 dxe4 13. Qxe4 Bd6 14. Nb5 Re8 15. Qf3 Qf6 16. Bxd6 Qxf3 17. gxf3 cxd6 18. Nc7 Bh3 19. Rfd1 Re7 20. Nxa8 Re6 21. Kh1 1-0

[Event "Unisource III"]
[Site "Montreal CAN"]
[Date "2008.11.08"]
[Round "3"]
[White "Myre, Eric"]
[Black "Caceres Cortes, Julio"]
[Result "0-1"]
[WhiteElo "1940"]
[BlackElo "1908"]
[PlyCount "96"]
[GameId "2160767910294436"]
[EventDate "2008.11.07"]
[EventType "tourn"]
[EventRounds "5"]
[EventCountry "CAN"]
[SourceTitle "FQE 05"]

1. d4 Nf6 2. c4 e6 3. Nc3 Bb4 4. e3 O-O 5. Bd3 d5 6. Nf3 c5 7. O-O Nc6 8. a3 Bxc3 9. bxc3 dxc4 10. Bxc4 Qc7 11. Qe2 e5 12. Bb2 Bg4 13. Qc2 Bxf3 14. gxf3 cxd4 15. cxd4 exd4 16. exd4 Qf4 17. Qd3 Rad8 18. Rad1 Ne5 19. dxe5 Rxd3 20. Bxd3 Nh5 21. Be4 Qg5+ 22. Kh1 Rd8 23. Bc1 Rxd1 24. Rxd1 Qe7 25. Bxb7 g6 26. Bh6 Ng7 27. Bc6 Nf5 28. Rd7 Qh4 29. Be3 Nxe3 30. fxe3 Qe1+ 31. Kg2 Qe2+ 32. Kg3 Qxe3 33. Rd8+ Kg7 34. Re8 Qxa3 35. Be4 Qc5 36. Kg2 Qb5 37. Re7 a5 38. h4 Kf8 39. Ra7 Qb2+ 40. Kh1 Qxe5 41. Rd7 Qg3 42. Rd5 h5 43. Rb5 a4 44. Rb7 Qxh4+ 45. Kg2 Qg5+ 46. Kh2 Qd2+ 47. Kg3 h4+ 48. Kh3 Qf2 0-1

[Event "Unisource III"]
[Site "Montreal CAN"]
[Date "2008.11.08"]
[Round "3"]
[White "Ouimet, Bernard"]
[Black "Giroux, Robert"]
[Result "0-1"]
[WhiteElo "1934"]
[BlackElo "1963"]
[PlyCount "22"]
[GameId "2160767910294437"]
[EventDate "2008.11.07"]
[EventType "tourn"]
[EventRounds "5"]
[EventCountry "CAN"]
[SourceTitle "FQE 05"]

1. e4 c5 2. Nf3 Nc6 3. d4 cxd4 4. Nxd4 g6 5. Nc3 Bg7 6. Be3 Nf6 7. Bc4 O-O 8. f3 Qb6 9. Ncb5 a6 10. Nf5 Qa5+ 11. Bd2 Qd8 0-1

[Event "Unisource III"]
[Site "Montreal CAN"]
[Date "2008.11.09"]
[Round "4"]
[White "Caceres Cortes, Julio"]
[Black "Morin, Louis"]
[Result "1/2-1/2"]
[WhiteElo "1908"]
[BlackElo "1925"]
[PlyCount "39"]
[GameId "2160767910294439"]
[EventDate "2008.11.07"]
[EventType "tourn"]
[EventRounds "5"]
[EventCountry "CAN"]
[SourceTitle "FQE 05"]

1. e4 e5 2. Nf3 d6 3. d4 Nf6 4. Bc4 Nxe4 5. dxe5 c6 6. exd6 Bxd6 7. O-O O-O 8. Qd4 Bf5 9. Nbd2 Qf6 10. Nb3 Nd7 11. Qxf6 Ndxf6 12. Nfd4 Bd7 13. a4 Rad8 14. f3 Nc5 15. Bg5 Nxb3 16. Nxb3 Be7 17. Rfe1 Rfe8 18. Rad1 Kf8 19. Bf4 Bf5 20. Rxd8 1/2-1/2

[Event "Unisource III"]
[Site "Montreal CAN"]
[Date "2008.11.09"]
[Round "4"]
[White "Giroux, Robert"]
[Black "Lalonde, Paul"]
[Result "1-0"]
[WhiteElo "1963"]
[BlackElo "1929"]
[PlyCount "81"]
[GameId "2160767910294440"]
[EventDate "2008.11.07"]
[EventType "tourn"]
[EventRounds "5"]
[EventCountry "CAN"]
[SourceTitle "FQE 05"]

1. e4 c5 2. Nf3 d6 3. d4 cxd4 4. Nxd4 Nf6 5. Nc3 Nc6 6. Bg5 e6 7. Qd2 Be7 8. O-O-O a6 9. f3 O-O 10. Kb1 Bd7 11. g4 Rc8 12. Be3 Ne5 13. g5 Nh5 14. Rg1 b5 15. Rc1 b4 16. Nd1 d5 17. f4 Nc4 18. Bxc4 dxc4 19. Ne2 c3 20. Qe1 cxb2 21. Nxb2 Bc6 22. Qh4 Bxe4 23. Qxh5 Rc3 24. Rg3 Qc7 25. Nd4 Rc8 26. Rh3 Bg6 27. Qe2 e5 28. f5 exd4 29. fxg6 fxg6 30. Bxd4 Rxh3 31. Qe6+ Kh8 32. Qxh3 Bxg5 33. Be3 Qc3 34. Nd1 Qc4 35. Bxg5 Rc5 36. Qd7 h5 37. h4 Kh7 38. Ne3 Qg8 39. Rd1 Ra5 40. Nd5 Kh8 41. Qd8 1-0

[Event "Unisource III"]
[Site "Montreal CAN"]
[Date "2008.11.09"]
[Round "4"]
[White "Myre, Eric"]
[Black "Ouimet, Bernard"]
[Result "0-1"]
[WhiteElo "1940"]
[BlackElo "1934"]
[PlyCount "79"]
[GameId "2160767910294441"]
[EventDate "2008.11.07"]
[EventType "tourn"]
[EventRounds "5"]
[EventCountry "CAN"]
[SourceTitle "FQE 05"]

1. d4 Nf6 2. c4 g6 3. Nc3 Bg7 4. e4 d6 5. Nge2 O-O 6. Ng3 e5 7. d5 a5 8. Be2 Na6 9. h4 h6 10. Be3 Nc5 11. Bf3 Re8 12. Nf1 h5 13. Bg5 Qd7 14. Bxf6 Bxf6 15. Ne3 Qe7 16. g4 hxg4 17. Bxg4 Bxh4 18. Bxc8 Raxc8 19. Qg4 Bg5 20. O-O-O Kg7 21. Ne2 Rh8 22. Ng3 Rxh1 23. Rxh1 Rh8 24. Kc2 Qf6 25. Nef5+ gxf5 26. Nh5+ Rxh5 27. Qxh5 Kf8 28. Qh3 Nxe4 29. Qg2 Qg6 30. Rh8+ Kg7 31. Qh2 f4 32. Rc8 Nxf2+ 33. Kd2 Qd3+ 34. Ke1 Qe3+ 35. Kf1 Qh3+ 36. Qxh3 Nxh3 37. Rxc7 e4 38. Rd7 e3 39. Ke2 Ng1+ 40. Kf1 0-1

[Event "Unisource III"]
[Site "Montreal CAN"]
[Date "2008.11.09"]
[Round "4"]
[White "Peev, Pavel"]
[Black "Masse, Hugues"]
[Result "1-0"]
[WhiteElo "2082"]
[BlackElo "2307"]
[PlyCount "85"]
[GameId "2160767910294442"]
[EventDate "2008.11.07"]
[EventType "tourn"]
[EventRounds "5"]
[EventCountry "CAN"]
[SourceTitle "FQE 05"]

1. e4 e6 2. d4 d5 3. Nd2 Be7 4. Ngf3 Nf6 5. e5 Nfd7 6. Bd3 c5 7. c3 Nc6 8. O-O a5 9. a3 cxd4 10. cxd4 Qb6 11. Qa4 g5 12. h3 h5 13. g4 Nf8 14. Bb5 Bd7 15. Nb1 Nxe5 16. Bxd7+ Nexd7 17. Nc3 f6 18. Nb5 Kf7 19. Bd2 Nb8 20. b4 Nc6 21. bxa5 Qd8 22. Rac1 Ng6 23. Rfe1 Nf4 24. Bxf4 gxf4 25. Qd1 hxg4 26. Qe2 Qd7 27. hxg4 e5 28. Nh2 e4 29. f3 Rxa5 30. fxe4 dxe4 31. Qc4+ Kg7 32. Rxe4 Raa8 33. Qe2 Bxa3 34. Rf1 Be7 35. Rexf4 Qd5 36. Nc3 Qb3 37. R4f3 Bd6 38. Rxf6 Bxh2+ 39. Kg2 Rae8 40. Qd2 Bf4 41. Qxf4 Rh7 42. Qg5+ Kh8 43. Rf8+ 1-0

[Event "Unisource III"]
[Site "Montreal CAN"]
[Date "2008.11.09"]
[Round "5"]
[White "Masse, Hugues"]
[Black "Peev, Pavel"]
[Result "1-0"]
[WhiteElo "2307"]
[BlackElo "2082"]
[PlyCount "93"]
[GameId "2160767910294444"]
[EventDate "2008.11.07"]
[EventType "tourn"]
[EventRounds "5"]
[EventCountry "CAN"]
[SourceTitle "FQE 05"]

1. d4 Nf6 2. c4 c5 3. d5 b5 4. cxb5 a6 5. f3 g6 6. e4 Bg7 7. Na3 axb5 8. Nxb5 Ba6 9. a4 O-O 10. Be3 d6 11. Ne2 Bxb5 12. axb5 Nbd7 13. Nc3 Nb6 14. Be2 Qc7 15. O-O Rxa1 16. Qxa1 Ra8 17. Qd1 Nfd7 18. f4 Ra5 19. Qc2 Qa7 20. b3 Qa8 21. h3 c4 22. Bxc4 Nxc4 23. bxc4 Ra3 24. Nd1 Ra2 25. Qd3 Qa4 26. Nf2 Ra3 27. Qe2 Ra2 28. Qg4 f5 29. exf5 Nf6 30. Qg5 Qxc4 31. fxg6 Nxd5 32. Rc1 Nc3 33. gxh7+ Kh8 34. Kh2 Re2 35. Nd1 Kxh7 36. Qh5+ Kg8 37. Ra1 Na2 38. Qe8+ Kh7 39. Qh5+ Kg8 40. b6 Rxg2+ 41. Kxg2 Bxa1 42. b7 Qc2+ 43. Nf2 Qc6+ 44. Qf3 Qb5 45. Qg4+ Kh7 46. Qh4+ Kg6 47. Qg5+ 1-0

[Event "Unisource III"]
[Site "Montreal CAN"]
[Date "2008.11.09"]
[Round "5"]
[White "Morin, Louis"]
[Black "Giroux, Robert"]
[Result "0-1"]
[WhiteElo "1925"]
[BlackElo "1963"]
[PlyCount "98"]
[GameId "2160767910294445"]
[EventDate "2008.11.07"]
[EventType "tourn"]
[EventRounds "5"]
[EventCountry "CAN"]

1. e4 e5 2. Nf3 Nc6 3. Bc4 Nf6 4. d4 exd4 5. O-O Nxe4 6. Re1 d5 7. Bxd5 Qxd5 8. Nc3 Qh5 9. Nxe4 Be6 10. Nxd4 Qxd1 11. Rxd1 O-O-O 12. Be3 Nxd4 13. Rxd4 Rxd4 14. Bxd4 Bd5 15. Re1 b6 16. a3 Kd7 17. f3 c5 18. Bc3 h6 19. Kf2 Rg8 20. g4 Be7 21. Be5 Bh4+ 22. Bg3 Bxg3+ 23. hxg3 Re8 24. Nd2 Rxe1 25. Kxe1 Ke6 26. Ke2 b5 27. Ke3 f5 28. gxf5+ Kxf5 29. Nb3 Bxb3 30. cxb3 Ke5 31. g4 g6 32. f4+ Kd5 33. a4 a6 34. axb5 axb5 35. Kf3 Kd4 36. g5 hxg5 37. fxg5 Kd3 38. Kf4 Kc2 39. Ke5 Kxb2 40. Kf6 c4 41. bxc4 bxc4 42. Kxg6 c3 43. Kf7 c2 44. g6 c1=Q 45. g7 Qf4+ 46. Kg6 Qe4+ 47. Kf7 Qf5+ 48. Ke7 Qg6 49. Kf8 Qf6+ 0-1

[Event "WBX Team tourn."]
[Site "Edmonton CAN"]
[Date "2008.12.13"]
[Round "1"]
[White "Gardner, Robert"]
[Black "Pua, Richard"]
[Result "1/2-1/2"]
[WhiteElo "2257"]
[BlackElo "1969"]
[PlyCount "47"]
[GameId "2160767910285984"]
[EventDate "2008.12.13"]
[EventType "team"]
[EventRounds "5"]
[EventCountry "CAN"]

1. f4 f5 2. b3 Nf6 3. Bb2 g6 4. Bxf6 exf6 5. Nf3 d5 6. e3 Bc5 7. d4 Bb6 8. Bd3 c5 9. O-O O-O 10. Nc3 Be6 11. Na4 c4 12. Nxb6 axb6 13. Be2 Ra3 14. Qd2 Qd6 15. bxc4 dxc4 16. c3 Na6 17. Ne1 Nc5 18. Nc2 Ne4 19. Qe1 Rxc3 20. Rc1 Ra8 21. Bf3 Rd3 22. Be2 Rc3 23. Bf3 Rd3 24. Be2 1/2-1/2